El Ingenioso Hidalgo Don Quijote de la Mancha (Record no. 2214)

MARC details
000 -CABECERA
campo de control de longitud fija 02816nam a2200313 a 4500
001 - NÚMERO DE CONTROL
campo de control BRCA_2473
005 - FECHA Y HORA DE LA ÚLTIMA TRANSACCIÓN
campo de control 20190320203827.0
008 - DATOS DE LONGITUD FIJA--INFORMACIÓN GENERAL
campo de control de longitud fija 201108s1833----sp-#---###---#000-0#spa-u
041 ## - CÓDIGO DE LENGUA
Código de lengua del texto/banda sonora o título independiente spa
044 ## - CÓDIGO DEL PAÍS DE LA ENTIDAD EDITORA/PRODUCTORA
Código MARC del país sp
084 ## - OTRO NÚMERO DE CLASIFICACIÓN
Número de clasificación 113
Número de documento/Ítem .A38
-- 1833
100 1# - ENTRADA PRINCIPAL--NOMBRE DE PERSONA
Nombre de persona Cervantes Saavedra, Miguel de
Fechas asociadas al nombre 1547-1616
9 (RLIN) 213
245 10 - MENCIÓN DE TÍTULO
Título El Ingenioso Hidalgo Don Quijote de la Mancha
Mención de responsabilidad, etc. compuesto por Miguel de Cervantes Saavedra.
260 ## - PUBLICACIÓN, DISTRIBUCIÓN, ETC.
Lugar de publicación, distribución, etc. Madrid
Nombre del editor, distribuidor, etc. D. E. Aguado
Fecha de publicación, distribución, etc. 1833
300 ## - DESCRIPCIÓN FÍSICA
Extensión 6 v.
Dimensiones 22 cm.
500 ## - NOTA GENERAL
Nota general Contenido : v 1. Primera parte. Prólogo por Diego Clemencín. Dedicatoria del autor. Prólogo del autor. Versos preliminares. Texto. -- v 2. Texto. -- v 3. Texto. -- v 4. Segunda parte. Dedicatoria del autor. Prólogo del autor. Texto. -- v 5. Texto. -- v 6. Texto. Variantes de la edición académica de 1819. Comentario de Clemencín. Texto
500 ## - NOTA GENERAL
Nota general El comentario de Clemencín que acompaña esta edición es uno de los más extensos en cuanto al número de notas. Conocedor, mucho más que Pellicer, de las obras y de los autores coetáneos de Cervantes, Clemencín pecó de demasiado prolijo y extenso, en muchos aspectos superfluo, y hasta injusto con Cervantes. En suma, el Comentario de Clemencín aún hoy día figura en primera línea en cuanto a notas referentes a los libros de caballería que conocía como nadie; las notas históricas y las literarias, representan una síntesis de cuanto acerca de estos temas se conocía en la época de su autor; las relativas a filología, son hoy por hoy inaceptables, pues quería Clemencín que Cervantes, viviendo en los siglos XVI y XVII, escribiera en el estilo y lenguaje del XIX; y las concernientes al enfoque ideológico y político, son para aquellas fechas históricas, del todo anticuadas, dado que en pleno siglo diecinueve, consideraba la gran novela como una simple y sencilla burla de los libros caballerescos y nada más. Pero, a pesar de tales defectos, sus notas han sido y serán últiles a cuantos han comentado o intenten comentar y analizar el Quijote. Además del comentario de Clemencín, contiene el prólogo del mismo por Alberto Lista, y retrato del anotador. La impresión y el papel son excelentes. Semipiel; lomos con adornos dorados Lúdovik Osterc
500 ## - NOTA GENERAL
Nota general Estado físico : Recuperación física en 2008
500 ## - NOTA GENERAL
Nota general QM93
650 14 - PUNTO DE ACCESO ADICIONAL DE MATERIA--TÉRMINO DE MATERIA
Término de materia o nombre geográfico como elemento de entrada Novela española
Subdivisión cronológica Época clásica, 1500-1700
9 (RLIN) 215
650 14 - PUNTO DE ACCESO ADICIONAL DE MATERIA--TÉRMINO DE MATERIA
Término de materia o nombre geográfico como elemento de entrada Literatura española
Subdivisión cronológica Época clásica, 1500-1700
9 (RLIN) 216
650 14 - PUNTO DE ACCESO ADICIONAL DE MATERIA--TÉRMINO DE MATERIA
Término de materia o nombre geográfico como elemento de entrada Novela española
Subdivisión cronológica Siglo XVII
9 (RLIN) 217
650 14 - PUNTO DE ACCESO ADICIONAL DE MATERIA--TÉRMINO DE MATERIA
Término de materia o nombre geográfico como elemento de entrada Don Quijote (Personaje ficticio)
Término indicativo de función/relación Novela
9 (RLIN) 218
700 1# - PUNTO DE ACCESO ADICIONAL--NOMBRE DE PERSONA
Nombre de persona Clemencín y Viñas, Diego
Fechas asociadas al nombre 1785-1834
Término indicativo de función/relación Anotador
9 (RLIN) 7170
700 1# - PUNTO DE ACCESO ADICIONAL--NOMBRE DE PERSONA
Nombre de persona Rodriguez de Lista y Aragón, Alberto
Fechas asociadas al nombre 1775-1848
Término indicativo de función/relación Prologuista
9 (RLIN) 7171
740 0# - PUNTO DE ACCESO ADICIONAL--TÍTULO RELACIONADO O ANALÍTICO NO CONTROLADO
Título relacionado o analítico no controlado El Ingenioso Hidalgo Don Quijote de la Mancha
902 ## - CATALOGADOR
Iniciales QFM
942 ## - ELEMENTOS DE PUNTO DE ACCESO ADICIONAL (KOHA)
Fuente del sistema de clasificación o colocación Library of Congress Classification
Tipo de ítem Koha Libros
Holdings
Estado de retiro Estado de pérdida Estado dañado No para préstamo Localización permanente Ubicación/localización actual Fecha de adquisición Número de inventario Total de préstamos Signatura topográfica completa Código de barras Fecha visto por última vez Precio válido a partir de Tipo de ítem Koha
El ejemplar forma parte de la colección y puede ser consultado según las políticas vigentes.       Biblioteca del Museo Franz Mayer (Rogerio Casas-Alatriste) Biblioteca del Museo Franz Mayer (Rogerio Casas-Alatriste) 20/11/2008 QM93   113 .A38 1833 (QM93) 2470 22/03/2019 22/03/2019 Libros